Adivina los futbolistas por sus trayectorias profesionales #1 - Estadísticas

Estadísticas generales
  • Esta prueba ha sido intentada 12.407 veces
  • La puntuación promedio es 7 de 10
Estadísticas de respuestas
Jugadores Clubes % Correcto
Luis Suárez aacaeb0d1c-450.webp 6b62c56250-450.webp 830bcfe083-450.webp ebc77d0a75-450.webp fd9dac956b-450.webp bd01b7ec06-450.webp aacaeb0d1c-450.webp d653a5fba9-450.webp b0418ba367-450.webp
91%
Diego Maradona 1a9fdd427d-450.webp 6c98cb49d4-450.webp fd9dac956b-450.webp 1dffa31b27-450.webp cec2c77d85-450.webp eb17526198-450.webp 6c98cb49d4-450.webp
84%
Luis Figo 7ca373efbd-450.webp fd9dac956b-450.webp 1859746d75-450.webp a252a5be9f-450.webp
84%
Ronaldo 3f16239234-450.webp 5349c0d1dd-450.webp fd9dac956b-450.webp a252a5be9f-450.webp 1859746d75-450.webp da3e8d7bcf-450.webp 1b2b69a08d-450.webp
81%
Ronaldinho d653a5fba9-450.webp b99666a988-450.webp fd9dac956b-450.webp da3e8d7bcf-450.webp 9b5b69ec9e-450.webp 9220b23b04-450.webp f00ead57b6-450.webp eae4be6530-450.webp
78%
David Beckham 002d09d37e-450.webp 347991c1a6-450.webp 002d09d37e-450.webp 1859746d75-450.webp fe396b815b-450.webp da3e8d7bcf-450.webp b99666a988-450.webp
74%
Johan Cruyff 830bcfe083-450.webp fd9dac956b-450.webp 5c1eff5389-450.webp 6ac29b92dc-450.webp 6677f1d30e-450.webp 6ac29b92dc-450.webp 830bcfe083-450.webp 436b259b86-450.webp
66%
Zinedine Zidane 83f3bcc41f-450.webp 2e33d69829-450.webp 017c04bd3a-450.webp 1859746d75-450.webp
65%
Franz Beckenbauer d196aeceae-450.webp 78b84eeafe-450.webp 820c00dd19-450.webp 78b84eeafe-450.webp
41%
Roberto Baggio 5448cc8698-450.webp 6c000d3f39-450.webp 017c04bd3a-450.webp da3e8d7bcf-450.webp 95cd0bd760-450.webp a252a5be9f-450.webp 0754485599-450.webp
33%
No se encontraron pruebas coincidentes
Distribución de puntuación
Porcentaje de gente con cada puntuación
Porcentaje por número respondido
Historial de tus puntuaciones
No has intentado esta prueba.